Dictionnaire d'archéologie chrétienne et de liturgie

Guardat en:
Dades bibliogràfiques
Autors principals: Cabrol, Fernand (Autor), Leclercq, Henri (Autor)
Format: Llibre
Idioma:francès
Publicat: París Letouzey et Ané 1921
Matèries:
Etiquetes: Afegir etiqueta
Sense etiquetes, Sigues el primer a etiquetar aquest registre!

MARC

LEADER 00000nam a2200000 a 4500
001 UCK3737
003 CL-VaPUC
008 050506e19210000FR |||||||||||||||||fre|d
082 0 4 |a 230.03  |b CAB  |2 21 
100 |a Cabrol, Fernand  |e author  |9 491775 
700 |a Leclercq, Henri  |e author  |9 492048 
245 1 0 |a Dictionnaire d'archéologie chrétienne et de liturgie 
300 |a v 
942 |c BK 
945 |d 20050506 00:00:00  |a jcarroza 
260 |a París  |b Letouzey et Ané  |c 1921 
650 0 |a Teología cristiana  |9 308336 
650 0 |a Diccionarios  |9 256200 
650 0 |a Cristianismo  |9 257361 
650 7 |a LITURGIA  |2 CL-VaPUC  |9 492002 
650 7 |a CRISTIANISMO ANTIGUO  |2 CL-VaPUC  |9 492003 
650 0 |a Arqueología   |9 265619 
583 |a last modification  |c 20050506 00:00:00  |k Rodrigo Vera 
999 |c 312831  |d 312829 
952 |0 0  |1 0  |4 0  |6 230_030000000000000_CAB_1921  |7 0  |8 F  |9 383669  |a BIBTEO  |b BIBTEO  |d 2019-11-21  |h v.4 p.1  |i 4112083  |o 230.03 CAB 1921  |p 4112083  |r 2025-01-17  |w 2019-11-21  |y BK_F  |k ICR 
952 |0 0  |1 0  |4 0  |6 230_030000000000000_CAB_1921  |7 0  |8 F  |9 383670  |a BIBTEO  |b BIBTEO  |d 2019-11-21  |h v.4 p.2  |i 411177K  |o 230.03 CAB 1921  |p 411177K  |r 2025-01-17  |w 2019-11-21  |y BK_F  |k ICR